00000000nam 2200000za 4500
0019.630872
003CaOODSP
00520221104105553
007cr |||||||||||
008150407s2001    abc|||||o    f|0| 0 fre d
040 |aCaOODSP|bfre
043 |an-cn---
0861 |aR63-260/2001F-IN
1102 |aParcs Canada.
24510|aGuide du visiteur de l'arrière-pays - Parc national de Banff |h[ressource électronique].
260 |aBanff - Alberta : |bParcs Canada, |c2001.
300 |a4 p. : |bfigure, ill., carte.
500 |aLe numéro de catalogue (R63-260/2001) et le numéro ISBN (0-662-65651-2) imprimés dans cette publication sont incorrects.
77508|tBackcountry visitors' guide: Banff National Park |w(CaOODSP)9.686401
7760#|tGuide du visiteur de l'arrière-pays - Parc national de Banff |w(CaOODSP)9.681673
794 |tGuide du visiteur de l'arrière-pays - Parc national du Canada Banff |w(CaOODSP)9.633626
85640|ahttp://publications.gc.ca|qPDF|s533 Ko|uhttps://publications.gc.ca/collections/Collection/R63-260-2001F.pdf